[Event "ICS rated blitz match"]
[Site "207.99.83.227"]
[Date "1999.04.13"]
[Round "?"]
[White "JudgeTurpin"]
[Black "Hossa"]
[Result "1-0"]
[WhiteElo "2576"]
[BlackElo "2444"]
[Annotator "Crafty v16.6"]
[PlyCount "165"]

{annotating for player Hossa using a scoring margin of +0.10 pawns. search
time limit is 20.00} 1. Nf3 1... d5 2. g3 e6 3. Bg2 f5 ({10:-0.68} 3... f5 4.
d4 Bd6 5. Nc3 Bd7 6. e3 Nc6 7. O-O Nf6 8. Qd3 $14) ({10:-0.32} 3... Bd6 4. Nc3
Nf6 5. O-O O-O 6. d4 Nc6 7. Bg5 Bd7 8. Qd3 $14) 4. O-O Nf6 5. d3 Nc6 6. c4 dxc4
7. dxc4 Qxd1 8. Rxd1 e5 ({9:-0.92} 8... e5 9. Nc3 Bd7 10. Ng5 Bd6 11. Nb5 h6
12. Nf3 12... Ne4 $16) ({9:-0.61} 8... Bd7 9. Ng5 Nb4 10. Nc3 c6 11. Bf4 h6 12.
Nf3 12... O-O-O $14) 9. Nc3 e4 ({8:-1.37} 9... e4 10. Ng5 a6 11. Bf4 h6 12. Nh3
Be6 13. Bxc7 13... Bxc4 $16) ({8:-0.96} 9... Be7 10. Nb5 Bd8 11. Be3 a6 12. Nc3
O-O 13. Ng5 $16) 10. Nh4 Bd7 11. Bf4 O-O-O 12. Bh3 g6 13. Nb5 Be6 ({8:-1.23} 
13... Be6 14. Rxd8+ Kxd8 15. Rd1+ Ke7 16. b3 Ne8 17. Nxc7 Nxc7 18. Bxc7 Bg7 19.
Rd6 $16) ({8:-0.32} 13... a6 $14) 14. Rxd8+ Kxd8 15. Rd1+ Kc8 ({9:-1.57} 15...
Kc8 16. Nxc7 Bxc4 17. Nxf5 gxf5 18. Bxf5+ Kb8 19. Ne8+ Ka8 20. Nxf6 20... Bxe2
$18) ({9:-1.10} 15... Ke7 16. b3 Ne8 17. e3 Bg7 18. Nxc7 Nxc7 19. Bd6+ Kf7 20.
Bxc7 $16) 16. Nxc7 Bd7 17. Nd5 Bg7 18. Bg5 Ng8 19. b3 Bb2 ({9:-1.67} 19... Bb2
20. Bg2 Bg7 21. Be3 Nf6 22. h3 Rd8 23. Bg5 23... Be6 $18) ({9:-1.34} 19... Bh6
20. Bf4 Bxf4 21. gxf4 Nge7 22. f3 exf3 23. Nxf3 Rd8 24. Kf2 24... Be6 $16) 20.
f3 exf3 21. Nxf3 Ba3 22. Bg2 Bc5+ 23. Kf1 h6 24. Bc1 Nge7 25. Bd2 g5 26. Bc3
Rd8 27. Bg7 g4 28. Ne1 Ng8 29. Nd3 Bd6 30. N3f4 Be8 31. Ne6 Rd7 32. Bf8 Be5 33.
Ba3 Bf7 34. Nc5 Rd8 35. Nd3 Bb8 36. Rc1 Ne5 37. N3f4 Ng6 38. Nxg6 Bxg6 39. Kf2
h5 40. Be7 Re8 41. Bg5 Bf7 42. Ne3 Bg6 43. Rd1 Bc7 44. Nd5 Bd8 45. Be3 h4 46.
Bxa7 h3 47. Bh1 Nf6 48. Nxf6 Bxf6 49. Rd6 Rf8 50. Bb6 Be8 51. a4 Be7 52. Re6
Rf7 53. Bd5 Rh7 54. e4 fxe4 55. Rxe4 Bd7 56. a5 Bf5 57. Re5 Bc2 58. Be6+ Kb8
59. Bxg4 Bxb3 60. Re4 Ka8 61. Ke3 Bc2 62. Re6 Bg5+ 63. Kd4 Rh8 64. Bxh3 Bd8 65.
Bg4 Ba4 66. Bf3 Rxh2 67. Bxd8 Rd2+ 68. Ke3 Rxd8 69. a6 Ka7 70. axb7 Bb3 71. Bd5
Rg8 72. Rf6 Rd8 73. Kd4 Kb8 74. g4 Bc2 75. g5 Bb3 76. g6 Bc2 77. g7 Ka7 78. Rf8
Rxd5+ 79. cxd5 Ka6 80. Ra8+ Kxb7 81. g8=Q Kc7 82. Ra7+ Kd6 83. Qe6# 1-0

[Event "ICS Rated blitz match"]
[Site "207.99.83.227"]
[Date "1999.04.13"]
[Round "?"]
[White "Hossa"]
[Black "JudgeTurpin"]
[Result "0-1"]
[WhiteElo "2434"]
[BlackElo "2588"]
[Annotator "Crafty v16.6"]
[PlyCount "111"]

{annotating for player Hossa using a scoring margin of +0.10 pawns. search
time limit is 20.00} 1. e4 1... e5 2. Nf3 Nf6 3. Nc3 Nc6 4. Bc4 Nxe4 5. Nxe4 d5
6. Bd3 dxe4 7. Bxe4 Bd6 8. Bxc6+ bxc6 9. Qe2 Bg4 10. d4 ({10:-0.11} 10. d4
10... O-O 11. dxe5 Bxe5 12. Qxe5 Re8 13. O-O Rxe5 14. Nxe5 Qd4 15. Nxc6 $10) ({
10:+0.61} 10. Qe4 10... Bxf3 11. Qxf3 Qd7 12. O-O O-O 13. d3 Bc5 14. Qe4 Bd4
15. Re1 $14) 10... Bxf3 11. Qxf3 O-O 12. dxe5 Bxe5 13. Qxc6 ({10:+0.09} 13.
Qxc6 13... Rb8 14. O-O Bxb2 15. Bxb2 Rxb2 16. Qc3 Rb6 17. Rad1 Rd6 18. Qf3 $10)
({10:+0.21} 13. O-O 13... Qh4 14. g3 Qc4 15. Re1 Rae8 16. c3 Qd5 17. Qf5 17...
c5 $10) 13... Qe8 14. Qxe8 Rfxe8 15. Kf1 ({10:+0.12} 15. Kf1 15... Rad8 16. g4
Rd1+ 17. Kg2 Rxh1 18. Kxh1 Bd4 19. Be3 Bxe3 20. fxe3 Rxe3 21. Kg2 $10) ({
10:+0.62} 15. O-O 15... Bf6 16. c3 Re2 17. Rd1 Rae8 18. h3 Re1+ 19. Rxe1 Rxe1+
20. Kh2 Be5+ 21. g3 21... Re2 $14) 15... g6 16. g4 Bh8 17. Rb1 ({9:+0.78} 17.
Rb1 17... Rab8 18. b3 Bd4 19. Bf4 Be5 20. Bxe5 Rxe5 21. Kg2 21... Re2 $16) ({
9:+1.01} 17. c3 17... Bf6 18. g5 Bg7 19. Kg2 f6 20. h4 Re2 21. Rd1 $16) 17...
Re4 18. f3 Rc4 19. c3 Rb8 20. Ra1 ({10:-0.27} 20. Ra1 20... Rxc3 21. bxc3 Bxc3
22. Bb2 Rxb2 23. a4 c5 24. Rc1 24... Bd4 $10) ({10:-0.05} 20. Kg2 20... Rxc3
21. Rf1 Ra3 22. bxa3 Rxb1 23. Be3 Rb2+ 24. Rf2 a5 25. Rd2 $10) 20... Rxc3 21.
bxc3 Bxc3 22. Bb2 Rxb2 23. a4 ({10:-0.36} 23. a4 23... Bd4 24. h4 Rf2+ 25. Ke1
Rxf3 26. Rb1 Ra3 27. Rc1 Re3+ 28. Kd2 28... c5 $15) ({10:+0.12} 23. Rc1 23...
Ba5 24. a4 Bb6 25. Rc4 Rf2+ 26. Ke1 Rxf3 27. Rf1 Re3+ 28. Kd2 28... Kg7 $10)
23... c5 24. h4 Bd4 25. Rh3 Kf8 26. a5 Ke7 27. a6 Ke6 28. g5 ({9:-0.46} 28. g5
28... f5 29. Ra4 Kd5 30. h5 Be3 31. hxg6 Rf2+ 32. Ke1 32... hxg6 $15) ({9:-0.28
} 28. h5 28... Rf2+ 29. Ke1 Rg2 30. Rd1 Ra2 31. hxg6 hxg6 32. f4 Rxa6 33. Rh7
$10) 28... Kf5 29. Ra3 ({9:-0.56} 29. Ra3 29... Kf4 30. Ra5 Rf2+ 31. Ke1 Rxf3
32. Rxf3+ Kxf3 33. Rb5 f5 34. gxf6 Bc3+ 35. Kd1 $15) ({9:-0.41} 29. Ke1 29...
Ke5 30. Ra3 Kf4 31. Ra4 Rc2 32. Kd1 32... Rf2 $15) 29... Kf4 30. Ke1 ({10:-0.53
} 30. Ke1 30... c4 31. Ra4 Bc3+ 32. Kf1 Bb4 33. Ra1 c3 34. Rc1 Rd2 35. Re1 $15)
({10:-0.42} 30. Rd3 30... Rf2+ 31. Ke1 Ra2 32. Rb3 Rxa6 33. Rb7 Ra1+ 34. Ke2
Ra2+ 35. Kd1 Ke3 36. Rxf7 $15) 30... c4 31. Ra4 Bc3+ 32. Kf1 Bb4 33. Ra1 c3 34.
Rc1 Rd2 35. Rb1 Ba3 36. Rb7 c2 37. Rxf7+ Ke3 38. f4+ Kd4 39. Rd7+ Ke4 40. Rc7
c1=Q+ 41. Rxc1 Bxc1 42. Rc3 Bb2 43. Rc7 Kf3 44. Ke1 Rd3 45. h5 Bc3+ 46. Rxc3
Rxc3 47. f5 gxf5 48. Kd2 Rc6 49. Kd3 Kf4 50. g6 hxg6 51. hxg6 Rxg6 52. Kd4 Rxa6
53. Kd3 Rd6+ 54. Kc4 Ke4 55. Kc5 Rd5+ 56. Kc6 0-1

[Event "ICS rated blitz match"]
[Site "207.99.83.227"]
[Date "1999.04.13"]
[Round "?"]
[White "grig"]
[Black "Hossa"]
[Result "0-1"]
[WhiteElo "2164"]
[BlackElo "2425"]
[PlyCount "70"]

1. e4 e5 2. f4 exf4 3. Nf3 Bb4 4. Bc4 Qe7 5. Qe2 Nf6 6. a3 Ba5 7. b4 Bb6 8. e5
Nh5 9. d4 d6 10. exd6 Qxe2+ 11. Bxe2 cxd6 12. O-O O-O 13. c4 Re8 14. Nc3 Nc6
15. c5 dxc5 16. dxc5 Bd8 17. Bb5 Be6 18. Ne4 Bc7 19. Nd6 Bxd6 20. cxd6 Rad8 21.
Rd1 Bg4 22. Ra2 Bxf3 23. gxf3 Re6 24. d7 Nd4 25. Rxd4 Re1+ 26. Kg2 Rxc1 27. Re2
Nf6 28. Rxf4 Rf8 29. Rxf6 gxf6 30. Re8 Rd1 31. Kg3 Kg7 32. Kf4 Rd6 33. Ba4 a6
34. b5 Rxd7 35. Rxf8 35... Kxf8 {grig resigns} 0-1

[Event "ICS Rated blitz match"]
[Site "207.99.83.227"]
[Date "1999.04.13"]
[Round "?"]
[White "Hossa"]
[Black "grig"]
[Result "1-0"]
[WhiteElo "2431"]
[BlackElo "2158"]
[PlyCount "29"]

1. e4 e5 2. Nf3 Nc6 3. Bb5 a6 4. Ba4 Nf6 5. Bxc6 dxc6 6. d3 Bd6 7. O-O O-O 8.
Bg5 Bg4 9. Nbd2 h6 10. Be3 b5 11. Nb3 Nd7 12. Na5 c5 13. h3 Bh5 14. Nc6 f5 15.
Nxd8 {grig resigns} 1-0

[Event "ICS Rated blitz match"]
[Site "207.99.83.227"]
[Date "1999.04.13"]
[Round "?"]
[White "grig"]
[Black "Hossa"]
[Result "1/2-1/2"]
[WhiteElo "2152"]
[BlackElo "2437"]
[PlyCount "133"]

1. e4 d6 2. d4 Nd7 3. Nc3 e5 4. Nf3 Ngf6 5. Be2 Be7 6. O-O O-O 7. h3 c5 8. dxe5
dxe5 9. Be3 Qb6 10. Qc1 Rd8 11. Rd1 Qc7 12. Qd2 Nb6 13. Qe1 Bd7 14. a4 Bc6 15.
a5 Nbd7 16. Nd5 Bxd5 17. exd5 e4 18. Nh2 Qe5 19. c4 Bd6 20. Nf1 Kh8 21. Rac1
Rf8 22. Bd2 Rad8 23. Bc3 Qg5 24. Rb1 Ne5 25. b4 Nf3+ 26. Bxf3 exf3 27. Ng3 cxb4
28. Bxb4 Rfe8 29. Qd2 Bf4 30. Qd3 Be3 31. fxe3 Qxg3 32. Rb2 fxg2 33. Rxg2 Qxh3
34. Re1 Ra8 35. Bc3 Nh5 36. Qd4 f6 37. d6 Ng3 38. Qf4 Qh1+ 39. Kf2 Ne4+ 40.
Qxe4 Qxe1+ 41. Kxe1 Rxe4 42. c5 Rxe3+ 43. Kd2 Re6 44. Rg3 b6 45. axb6 axb6 46.
Rd3 Rd8 47. Bb4 bxc5 48. Bxc5 Rd7 49. Kc3 g6 50. Kc4 h6 51. Kd5 Re2 52. Kc6 Rd8
53. Kc7 Rc2 54. Kxd8 Rxc5 55. Ke7 Rc8 56. d7 Rg8 57. Kxf6 Rd8 58. Ke7 Rb8 59.
d8=Q+ Rxd8 60. Rxd8+ Kg7 61. Ke6 h5 62. Ke5 h4 63. Kf4 Kf7 64. Kg4 Ke7 65. Kxh4
Kxd8 66. Kg5 Ke8 67. Kxg6 {
Game drawn because neither player has mating material} 1/2-1/2

[Event "ICS rated blitz match"]
[Site "207.99.83.227"]
[Date "1999.04.13"]
[Round "?"]
[White "lunarlander"]
[Black "Hossa"]
[Result "0-1"]
[WhiteElo "2311"]
[BlackElo "2434"]
[PlyCount "80"]

1. e4 c5 2. Nf3 Nc6 3. c3 Nf6 4. d3 d5 5. Nbd2 Bg4 6. Be2 Bxf3 7. Bxf3 d4 8. c4
e6 9. O-O Bd6 10. Be2 O-O 11. f4 Nd7 12. Nf3 Qe7 13. g3 Rae8 14. Bd2 Kh8 15.
Kh1 Bc7 16. a3 Ba5 17. Bxa5 Nxa5 18. Rb1 Nc6 19. b4 Qf6 20. bxc5 Nxc5 21. e5
Qh6 22. Nd2 b6 23. Qc2 Rc8 24. Bf3 Ne7 25. Ne4 Nf5 26. Rg1 Ne3 27. Qd2 Nxe4 28.
Bxe4 Qh3 29. Rbe1 b5 30. Rxe3 dxe3 31. Qxe3 bxc4 32. Qxa7 cxd3 33. Bxd3 Rfd8
34. Qa6 Ra8 35. Qc6 Rxa3 36. Be4 Ra2 37. Bg2 Qh5 38. Qc4 Rxg2 39. Kxg2 Rd2+ 40.
Kf1 40... Qd1# {lunarlander checkmated} 0-1

[Event "ICS rated blitz match"]
[Site "207.99.83.227"]
[Date "1999.04.13"]
[Round "?"]
[White "Hossa"]
[Black "libertad"]
[Result "1-0"]
[WhiteElo "2445"]
[BlackElo "2221"]
[PlyCount "33"]

1. e4 e5 2. Nf3 Nc6 3. Bc4 Nf6 4. Ng5 Bc5 5. Nxf7 Bxf2+ 6. Kf1 Qe7 7. Nxh8 d5
8. exd5 Nd4 9. d6 cxd6 10. c3 Bg4 11. Qa4+ Bd7 12. Qb4 O-O-O 13. Nf7 Nc2 14.
Nxd6+ Kc7 15. Nb5+ Bxb5 16. Qxe7+ Rd7 17. Qxe5+ {libertad resigns} 1-0

[Event "ICS rated blitz match"]
[Site "207.99.83.227"]
[Date "1999.04.13"]
[Round "?"]
[White "star51"]
[Black "Hossa"]
[Result "0-1"]
[WhiteElo "2214"]
[BlackElo "2452"]
[PlyCount "68"]

1. e4 e5 2. f4 exf4 3. Nf3 Bb4 4. c3 Be7 5. d4 Bh4+ 6. Ke2 Bg5 7. Kf2 Bh6 8.
Bd3 Ne7 9. Rf1 O-O 10. Kg1 d6 11. e5 Nbc6 12. exd6 Qxd6 13. Nbd2 Re8 14. Ne4
Qd5 15. Qc2 f5 16. Neg5 Ng6 17. Bd2 Bd7 18. b3 b5 19. Rae1 Rad8 20. h4 Nxh4 21.
Nxh4 Bxg5 22. Nxf5 g6 23. Rxe8+ Rxe8 24. Bxf4 Bxf4 25. Rxf4 gxf5 26. Bxf5 Re1+
27. Kh2 Qd6 28. Bxh7+ Kg7 29. g3 Qe6 30. Bf5 Re2+ 31. Kh3 Qh6+ 32. Rh4 Rxc2 33.
Rxh6 Bxf5+ 34. Kh4 34... Kxh6 {star51 resigns} 0-1

[Event "ICS rated blitz match"]
[Site "207.99.83.227"]
[Date "1999.04.13"]
[Round "?"]
[White "Hossa"]
[Black "star51"]
[Result "0-1"]
[WhiteElo "2458"]
[BlackElo "2208"]
[Annotator "Crafty v16.6"]
[PlyCount "132"]

{annotating for player Hossa using a scoring margin of +0.10 pawns. search
time limit is 20.00} 1. e4 1... c5 2. Bc4 d6 3. Nc3 Nf6 4. Nf3 g6 5. O-O ({
9:+0.42} 5. O-O 5... Bg7 6. d4 cxd4 7. Nxd4 O-O 8. Bg5 Bg4 9. Qd3 9... Nbd7 $14
) ({9:+0.85} 5. e5 5... Ng4 6. exd6 Qxd6 7. O-O Nc6 8. Nb5 Qf4 9. d3 9... Qf5
$16) 5... Bg7 6. d4 cxd4 7. Nxd4 O-O 8. Bg5 Nc6 9. Rc1 ({8:+0.16} 9. Rc1 9...
Rb8 10. Nxc6 bxc6 11. Rb1 Ng4 12. Qd2 Ne5 13. Bb3 $10) ({8:+0.27} 9. Nxc6 9...
bxc6 10. Qd2 Ng4 11. Rfd1 Rb8 12. Rab1 Ne5 13. Bb3 $10) 9... a6 10. Nxc6 bxc6
11. Qe1 Qb6 12. Bb3 a5 13. e5 dxe5 14. Qxe5 Nd5 15. Nxd5 cxd5 16. Qxe7 ({
9:+0.97} 16. Qxe7 16... Ra7 17. Qa3 a4 18. Bxd5 Bxb2 19. Be3 Bxa3 20. Bxb6 Bxc1
21. Bxa7 $16) ({9:+1.38} 16. Qxd5 16... Be6 17. Qe4 Qc5 18. Qh4 Bxb2 19. Bxe7
Qf5 20. Bxe6 20... Qxe6 $16) 16... Ba6 17. Rfe1 Bxb2 18. Rcd1 ({9:+1.01} 18.
Rcd1 18... Ra7 19. Qe3 Qxe3 20. Bxe3 Re7 21. Bd2 Be2 22. Bxd5 22... Rd8 $16) ({
9:+1.19} 18. Bxd5 18... Bxc1 19. Bxc1 Rac8 20. Bh6 Qd4 21. Bb3 a4 22. Bxf8
22... axb3 $16) 18... Bc3 19. Bd2 ({9:+0.79} 19. Bd2 19... Bxd2 20. Rxd2 Bb5
21. Qg5 Rae8 22. Re5 Rxe5 23. Qxe5 Bc4 24. Bxc4 24... dxc4 $16) ({9:+1.47} 19.
Bxd5 19... Bxe1 20. Rxe1 Rac8 21. Bh6 Qd4 22. Bb3 a4 23. Bxf8 23... axb3 $16)
19... Bxd2 20. Rxd2 Bc4 21. Bxc4 dxc4 22. c3 ({8:+0.15} 22. c3 22... Rad8 23.
Rde2 Rd3 24. Rc2 Qd8 25. a3 Qxe7 26. Rxe7 $10) ({8:+0.50} 22. Qe4 22... Qb5 23.
Qd4 Rae8 24. Red1 Qa4 25. Ra1 Qc6 26. Rad1 $14) 22... Qb5 23. Rde2 a4 24. Qf6 (
{9:+0.05} 24. Qf6 24... Rae8 25. h4 Rxe2 26. Rxe2 Re8 27. Rd2 Re1+ 28. Kh2 Qe5+
29. Qxe5 Rxe5 30. Rd8+ Kg7 31. Rd7 $10) ({9:+0.24} 24. Re4 24... Rad8 25. Qh4
Rde8 26. h3 Rxe4 27. Qxe4 Rb8 28. Kh1 28... a3 $10) 24... a3 25. f4 ({9:-0.19} 
25. f4 25... Rad8 26. Kf1 Qh5 27. Re3 Rd2 28. Re8 Qc5 29. Rxf8+ Qxf8 30. Re2
$10) ({9:+0.21} 25. Qe7 25... Rfd8 26. Qe4 Rab8 27. Qh4 Qd5 28. Qf6 Qd6 29.
Re8+ Rxe8 30. Rxe8+ $10) 25... Ra6 26. Qh4 ({9:-0.12} 26. Qh4 26... Rd6 27. Qe7
Rfd8 28. Qa7 Qf5 29. g3 Rd1 30. Qxa3 $10) ({9:+0.20} 26. Qd4 26... Re6 27. Rxe6
fxe6 28. h4 Qd5 29. Re4 Rc8 30. Qxd5 exd5 31. Re7 $10) 26... Qc5+ 27. Kh1 Rb6
28. Re5 Qc6 29. Qh6 ({9:-0.84} 29. Qh6 29... Rb2 30. R5e2 Qd5 31. Kg1 Qa5 32.
Qh3 Qc5+ 33. Kh1 33... Rfb8 $17) ({9:-0.30} 29. f5 29... Rb2 30. R5e2 Rxe2 31.
Rxe2 Qd5 32. f6 Qd3 33. Qe1 33... Rd8 $10) 29... Rb2 30. R5e2 ({9:-1.71} 30.
R5e2 30... Rfb8 31. Qh4 Rxe2 32. Rxe2 Rb1+ 33. Re1 Qe4 34. Rg1 Rxg1+ 35. Kxg1
Qe3+ 36. Qf2 Qc1+ 37. Qf1 37... Qxc3 $19) ({9:-0.84} 30. Rg1 30... Qb6 31. Re4
Qf2 32. Rxc4 32... Rxa2 $17) 30... Rfb8 31. Qh4 Kg7 32. Qe7 Rxe2 33. Rxe2 Rb1+
34. Re1 Rxe1+ 35. Qxe1 Qf6 36. Qe5 Qxe5 37. fxe5 Kh6 38. h4 Kh5 39. g3 Kg4 40.
Kg2 Kf5 41. Kf3 Kxe5 42. Ke3 f5 43. Kf3 h6 44. Ke3 g5 45. hxg5 hxg5 46. Kf3 f4
47. g4 Kd5 48. Kf2 Ke4 49. Ke2 f3+ 50. Kf2 Kf4 51. Kf1 Kxg4 52. Kg1 Kf4 53. Kh2
g4 54. Kh1 g3 55. Kg1 Ke3 56. Kf1 g2+ 57. Kg1 Ke2 58. Kh2 f2 59. Kxg2 f1=Q+ 60.
Kg3 Qf6 61. Kg4 Qe5 62. Kh4 Qf5 63. Kg3 Qe4 64. Kh2 Qg4 65. Kh1 Kf2 66. Kh2
Qg2# 0-1

[Event "ICS rated blitz match"]
[Site "207.99.83.227"]
[Date "1999.04.13"]
[Round "?"]
[White "zia"]
[Black "Hossa"]
[Result "0-1"]
[WhiteElo "2237"]
[BlackElo "2432"]
[PlyCount "58"]

1. e4 c5 2. Nf3 Nc6 3. d4 cxd4 4. Nxd4 Qb6 5. Nb3 Nf6 6. Nc3 e6 7. Bd3 Bb4 8.
Bd2 d5 9. exd5 exd5 10. O-O O-O 11. h3 Be6 12. a3 Bxc3 13. Bxc3 Ne4 14. Bxe4
dxe4 15. Re1 Rad8 16. Qc1 Bxb3 17. cxb3 Nd4 18. Rxe4 Nxb3 19. Rg4 Nxc1 20.
Rxg7+ Kh8 21. Rxf7+ Rd4 22. Rxf8+ Kg7 23. Re8 Kf7 24. Bxd4 Qxd4 25. Re1 Nd3 26.
Re2 Nf4 27. Rc2 Qe4 28. Rc7+ Kf6 29. f3 29... Qe2 {zia resigns} 0-1

[Event "ICS Rated blitz match"]
[Site "207.99.83.227"]
[Date "1999.04.14"]
[Round "?"]
[White "Hossa"]
[Black "Wanted"]
[Result "0-1"]
[WhiteElo "2445"]
[BlackElo "2175"]
[Annotator "Crafty v16.6"]
[PlyCount "60"]

{annotating for player Hossa using a scoring margin of +0.10 pawns. search
time limit is 20.00} 1. e4 1... e6 2. Nf3 d5 3. Nc3 ({9:+0.11} 3. Nc3 3... d4
4. Nb5 Bc5 5. b4 Bxb4 6. Nfxd4 Nf6 7. Rb1 $10) ({9:+0.82} 3. exd5 3... Qxd5 4.
Nc3 Qc5 5. Be2 Nf6 6. O-O Nbd7 7. Bb5 7... Bd6 $16) 3... Nf6 4. exd5 exd5 5.
Be2 ({8:+0.09} 5. Be2 5... d4 6. Nb5 Bc5 7. O-O O-O 8. b4 8... Bb6 $10) ({
8:+0.20} 5. Bb5+ 5... c6 6. Bd3 d4 7. Ne2 Bc5 8. O-O O-O 9. Re1 $10) 5... d4 6.
Nb5 Nc6 7. c3 d3 8. Bxd3 Qxd3 9. Nxc7+ Kd8 10. Nxa8 Bc5 11. Ng1 Re8+ 12. Ne2
Bg4 13. f3 Ne4 14. Rf1 Bh5 15. b4 Bxb4 16. g4 ({8:-0.84} 16. g4 16... Be7 17.
fxe4 Bh4+ 18. Rf2 Qf3 19. Ng3 Rxe4+ 20. Qe2 Rxe2+ 21. Rxe2 $17) ({8:+0.92} 16.
a3 $16) 16... Be7 17. fxe4 Bh4+ 18. Rf2 Bxg4 19. Kf1 ({8:-9.86} 19. Kf1 19...
Qxe4 20. Kg1 Bxf2+ 21. Kxf2 Bxe2 22. Qxe2 Qxe2+ 23. Kg3 Kd7 24. Rb1 Rxa8 25.
Rxb7+ $19) ({8:-6.22} 19. h3 19... Bxf2+ 20. Kxf2 Qf3+ 21. Ke1 Rxe4 22. hxg4
Qh1+ 23. Kf2 Qxd1 24. Nd4 Nxd4 25. cxd4 $19) 19... Bxf2 20. Ba3 Rxe4 21. Kxf2
Rxe2+ 22. Kg1 Ne5 23. Bd6 Nf3+ 24. Kh1 Bh3 25. Bc7+ Kc8 26. Nb6+ axb6 27. Qf1
Bxf1 28. Rxf1 Rxh2+ 29. Bxh2 Qxf1+ 30. Bg1 Qxg1# 0-1

[Event "ICS rated blitz match"]
[Site "207.99.83.227"]
[Date "1999.04.14"]
[Round "?"]
[White "Hu-Jazz"]
[Black "Hossa"]
[Result "1/2-1/2"]
[WhiteElo "2480"]
[BlackElo "2441"]
[PlyCount "122"]

1. e4 c5 2. Nf3 Nc6 3. d4 cxd4 4. Nxd4 Qb6 5. Nb3 Nf6 6. Nc3 e6 7. Bd3 Bb4 8.
O-O Bxc3 9. bxc3 Qc7 10. Bg5 Qe5 11. f4 Qxc3 12. Qe1 Qxe1 13. Raxe1 d6 14. Nd2
O-O 15. Bxf6 gxf6 16. Re3 Kh8 17. Rg3 Nb4 18. Rb1 a5 19. a3 Nc6 20. Nc4 Rd8 21.
c3 Ra7 22. Rb5 Ra6 23. Be2 Na7 24. Rh5 e5 25. f5 Rg8 26. Rd3 d5 27. Rxd5 Rf8
28. Rh3 Nc6 29. Rhd3 a4 30. Rd1 Kg8 31. R5d2 Na7 32. Ne3 Rc6 33. c4 Kg7 34. Kf2
Kg8 35. Nd5 Kh8 36. Rb2 Rd6 37. Ne7 Rxd1 38. Bxd1 Rd8 39. Bxa4 Rd4 40. Nxc8
Nxc8 41. Rxb7 Nd6 42. Rb8+ Kg7 43. Bb5 Rd2+ 44. Ke3 Rxg2 45. c5 Nxb5 46. Rxb5
Rxh2 47. a4 h5 48. a5 h4 49. Kf3 Rc2 50. Kg4 Rc4 51. Kxh4 Rxe4+ 52. Kh3 Rf4 53.
Rb3 Rxf5 54. c6 Rh5+ 55. Kg2 Rh8 56. Rg3+ Kf8 57. Rh3 Rg8+ 58. Rg3 Rh8 59. Rh3
Rg8+ 60. Rg3 Rh8 61. Rh3 61... Rg8+ {Game drawn by repetition} 1/2-1/2

[Event "ICS rated blitz match"]
[Site "207.99.83.227"]
[Date "1999.04.14"]
[Round "?"]
[White "Hossa"]
[Black "fidelito"]
[Result "1/2-1/2"]
[WhiteElo "2443"]
[BlackElo "2144"]
[PlyCount "93"]

1. e4 Nc6 2. Nf3 e5 3. Bb5 Bc5 4. Nc3 Nf6 5. d3 d6 6. Bg5 h6 7. Bxf6 Qxf6 8.
Nd5 Qd8 9. c3 a6 10. Bxc6+ bxc6 11. Nb4 Bd7 12. d4 Bxb4 13. cxb4 Qe7 14. dxe5
dxe5 15. O-O Bg4 16. Qc2 O-O 17. Qc5 Qxc5 18. bxc5 Bxf3 19. gxf3 Rfd8 20. Rfd1
Rab8 21. Rxd8+ Rxd8 22. h4 Rd2 23. b4 Rb2 24. a3 Rb3 25. Kg2 Kf8 26. Kg3 Ke7
27. Ra2 Ke6 28. Kg4 g6 29. Kg3 f5 30. Kg2 a5 31. bxa5 Rb5 32. a6 Ra5 33. a4
Rxa6 34. a5 g5 35. h5 Kf6 36. Kg3 Ke6 37. Ra4 Kf6 38. Ra3 Ke6 39. Kh2 Kf6 40.
Kh3 Ke6 41. Ra1 Kf6 42. Ra2 Ke6 43. Ra4 Kf6 44. Kg3 Ke6 45. Kg2 Kf6 46. Kg3 Ke6
47. Kg2 {Game drawn by mutual agreement} 1/2-1/2

[Event "ICS rated blitz match"]
[Site "207.99.83.227"]
[Date "1999.04.14"]
[Round "?"]
[White "fidelito"]
[Black "Hossa"]
[Result "0-1"]
[WhiteElo "2155"]
[BlackElo "2432"]
[PlyCount "40"]

1. e4 c5 2. Nf3 Nc6 3. d4 cxd4 4. c3 dxc3 5. Bc4 cxb2 6. Bxb2 Qb6 7. Bb3 d6 8.
O-O Nf6 9. Nc3 e6 10. Ba3 Qa5 11. Bxd6 Bxd6 12. Qxd6 Qxc3 13. Rac1 Qb2 14. Rxc6
Nxe4 15. Rxc8+ Rxc8 16. Qb4 Nc5 17. Qb5+ Rc6 18. Rd1 O-O 19. Nd4 Rd8 20. Nxc6
20... Rxd1+ {fidelito resigns} 0-1

[Event "ICS rated blitz match"]
[Site "207.99.83.227"]
[Date "1999.04.14"]
[Round "?"]
[White "Hossa"]
[Black "Lorien"]
[Result "1-0"]
[WhiteElo "2437"]
[BlackElo "2261"]
[PlyCount "64"]

1. e4 c5 2. Bc4 e6 3. Nc3 Nc6 4. Nf3 d6 5. d4 cxd4 6. Nxd4 Nf6 7. O-O a6 8.
Nxc6 bxc6 9. Re1 Qc7 10. f4 Be7 11. e5 Nd5 12. exd6 Bxd6 13. Nxd5 cxd5 14. Bxd5
Rb8 15. Qd2 O-O 16. Be4 Rd8 17. Bd3 Bb7 18. Kh1 Qc6 19. Re2 Rbc8 20. Qe1 Be7
21. f5 Bf6 22. fxe6 fxe6 23. Qg3 Rf8 24. Qh3 g6 25. Rxe6 Qd7 26. Re3 Qxh3 27.
Rxh3 Be5 28. Be3 a5 29. c3 Rcd8 30. Bb6 Rde8 31. Re1 a4 32. Rhe3 32... Re6 {
Lorien resigns} 1-0

[Event "ICS Rated blitz match"]
[Site "207.99.83.227"]
[Date "1999.04.14"]
[Round "?"]
[White "Hossa"]
[Black "petrosyanovich"]
[Result "1/2-1/2"]
[WhiteElo "2446"]
[BlackElo "2137"]
[PlyCount "51"]

1. e4 Nc6 2. Nf3 e5 3. Bb5 a6 4. Bxc6 dxc6 5. d3 Bg4 6. Nbd2 Nf6 7. Nc4 Bd6 8.
Nxd6+ cxd6 9. Bg5 h6 10. Bxf6 Qxf6 11. Qe2 O-O-O 12. O-O-O Bxf3 13. Qxf3 Qxf3
14. gxf3 c5 15. h4 g5 16. Rdg1 f6 17. Kd2 Kc7 18. a4 Kc6 19. c4 a5 20. Rg4 b6
21. b3 Rdg8 22. Kc3 Rd8 23. Kc2 Rdg8 24. Kc3 Rd8 25. Kc2 Rdg8 26. Kc3 {
Game drawn by repetition} 1/2-1/2

[Event "ICS rated blitz match"]
[Site "207.99.83.227"]
[Date "1999.04.14"]
[Round "?"]
[White "Roller"]
[Black "Hossa"]
[Result "1-0"]
[WhiteElo "2515"]
[BlackElo "2435"]
[Annotator "Crafty v16.6"]
[PlyCount "87"]

{annotating for player Hossa using a scoring margin of +0.10 pawns. search
time limit is 20.00} 1. e4 1... c5 2. Nf3 Nc6 3. d4 cxd4 4. Nxd4 Qb6 5. Nb3 Nf6
6. Nc3 e6 7. Be3 Qc7 8. Bd3 Bb4 9. O-O Bxc3 10. bxc3 d5 ({8:-0.40} 10... d5 11.
exd5 Nxd5 12. Bc5 Nxc3 13. Qg4 Qe5 14. Rae1 14... f5 $14) ({8:+0.05} 10... O-O
11. c4 Qe5 12. Qf3 d6 13. Rad1 Bd7 14. c5 $10) 11. exd5 Nxd5 12. c4 Nxe3 13.
fxe3 O-O ({10:+0.47} 13... O-O 14. Qh5 h6 15. Rad1 Qe5 16. Qxe5 Nxe5 17. Rf4
Bd7 18. Re4 18... Ng6 $15) ({10:+0.63} 13... Qe5 14. Qf3 O-O 15. Rad1 Nb4 16.
a3 Nc6 17. Qe4 Qxe4 18. Bxe4 18... Ne5 $15) 14. Qh5 h6 15. Rad1 Qe5 16. Qf3 Rb8
({8:+0.20} 16... Rb8 17. Be4 Qc7 18. c5 Bd7 19. Rd6 Rbd8 20. Qf4 $10) ({8:+0.44
} 16... Nb4 17. Be4 f5 18. a3 Na2 19. Rd4 Nc3 20. Nd2 $15) 17. Rd2 Qb2 ({
8:+0.19} 17... Qb2 18. Qf4 Qa3 19. Be4 e5 20. Qf3 Be6 21. Rfd1 Qxa2 22. Bxc6
bxc6 23. Qxc6 $10) ({8:+0.31} 17... Qc3 18. Rff2 Bd7 19. Nc5 Ne5 20. Qe4 Qa1+
21. Bf1 21... Bc6 $15) 18. a4 Ne5 19. Qe4 Nxd3 20. Qxd3 Ra8 ({9:+0.13} 20...
Ra8 21. Qe4 e5 22. Nc5 Qc3 23. Rd5 Re8 24. Rfd1 24... Rb8 $10) ({9:+0.29} 20...
e5 21. a5 Qa3 22. Qd5 Qe7 23. Qc5 Qg5 24. Qxa7 24... Bg4 $10) 21. Rfd1 Qe5 22.
c5 Kh8 ({10:+0.20} 22... Kh8 23. Qd4 Qg5 24. Qf4 e5 25. Qxg5 hxg5 26. Rd6 Bg4
27. R1d5 27... Rae8 $10) ({10:+0.41} 22... Qg5 23. Qe4 e5 24. Na5 Re8 25. Nc4
Rb8 26. Nd6 Bg4 27. Nxe8 Bxd1 28. Rxd1 28... Rxe8 $15) 23. e4 Kg8 24. a5 Qf4 ({
10:+0.24} 24... Qf4 25. Rf2 Qg5 26. Qd6 Re8 27. c6 Qg4 28. cxb7 Bxb7 29. e5 Be4
30. Nc5 $10) ({10:+0.39} 24... Qg5 25. Qg3 Qxg3 26. hxg3 e5 27. Rd5 Bg4 28.
R1d3 Rae8 29. Kf2 29... Kh7 $15) 25. Nd4 Qg5 26. Qc3 Qe5 27. Re1 Rd8 ({9:+0.00
} 27... Rd8 28. Nxe6 Qxc3 29. Rxd8+ Kh7 30. Nf8+ Kg8 31. Nd7+ Kh7 32. Nf8+ $10)
({9:+0.13} 27... Qf4 28. Nb5 Qh4 29. Qg3 Qe7 30. Qd6 Qg5 31. Nc7 Qh4 32. Red1
$10) 28. Nb5 Qg5 29. Rxd8+ Qxd8 30. Nd6 Rb8 ({9:-0.54} 30... Rb8 31. Rb1 f6 32.
a6 b5 33. Rxb5 Bxa6 34. Rxb8 Qxb8 35. Qd4 $14) ({9:-0.15} 30... f6 31. e5 f5
32. Rd1 Qc7 33. Rd4 Bd7 34. Qc4 Qxa5 35. Nxb7 $10) 31. Rf1 f6 32. e5 f5 33. Rd1
Qd7 34. Qc4 Kh8 35. Qd4 Qc6 36. Nf7+ Kg8 37. Nxh6+ gxh6 38. Qd8+ Kh7 39. Qe7+
Kg6 40. Qf6+ Kh5 41. Rd4 Qe4 42. Rxe4 fxe4 43. h3 Ra8 44. g4# 1-0